• 首页
  • 本馆介绍
  • 公告通知
  • 最新文献
  • 馆藏检索
  • 电子资源
  • 读者导购
  • 参考咨询
  • 我的图书馆
  • 登录
  • 详细信息显示
  • 放入我的书架
  • 预约/预借图书
  • 作者相关作品
  • 分类相关作品
  • 丛书相关作品
  • 出版社相关作品

书目信息

  • 表格格式
  • 工作单格式
  • 卡片格式
题名:
全国琵琶演奏(业余)考级作品集 上
    
 
作者: ;中国音乐家协会全国乐器演奏(业余)考级委员会琵琶专家委员会 编
分册:  
出版信息: 北京   新华出版社  1997.05
页数: 136页
开本: 26cm
丛书名:
单 册:
中图分类: J648.33
科图分类:
主题词: 音乐--作品--中国
电子资源:
ISBN: 7-5011-3624-6
000 00881段 00181
005 20071215101905.43
010    @a7-5011-3624-6@dCNY24.00
102    @aCN@b110000
200 1  @a全国琵琶演奏(业余)考级作品集 上@Aquan guo pi pa yan zou(ye yu)kao ji zuo pin ji shang@e第一级——第十级@f中国音乐家协会全国乐器演奏(业余)考级委员会琵琶专家委员会编@Fzhong guo yin yue jia xie hui quan guo yue qi yan zou(ye yu)kao ji wei yuan hui pi pa zhuan jia wei yuan hui bian
210    @a北京@c新华出版社@d1997.05
215    @a136页@d26cm
517 1  @a第一级——第十级@Adi yi ji——di shi ji
606 0  @a音乐@x作品@x中国
690    @aJ648.33@v4
711 02 @a中国音乐家协会全国乐器演奏(业余)考级委员会琵琶专家委员会@Azhong guo yin yue jia xie hui quan guo yue qi yan zou(ye yu)kao ji wei yuan hui pi pa zhuan jia wei yuan hui@4编
801 0  @c20071215
905    @aBZT@dJ648.33@e1-1
906    @dCNY24.00@n0@r1
    
    全国琵琶演奏(业余)考级作品集 上:第一级——第十级/中国音乐家协会全国乐器演奏(业余)考级委员会琵琶专家委员会编.-北京:新华出版社,1997.05
    136页;26cm
    
    
    ISBN 7-5011-3624-6:CNY24.00
    
●
相关链接 在五车中查询图书 在当当中查询图书 在豆瓣中查询图书


正题名:全国琵琶演奏(业余)考级作品集 上     索取号:J648.33/1-1         预约/预借

序号 登录号 条形码 馆藏地/架位号 状态 备注
1 633285   2000633285   中心书库中库/ 中库021架A面2列5层76/ [索取号:J648.33/1-1] 在馆    
2 633286   2000633286   中心书库中库/ 中库021架A面2列5层77/ [索取号:J648.33/1-1] 在馆    
3 633287   2000633287   中心书库中库/ 中库021架A面2列5层78/ [索取号:J648.33/1-1] 在馆    
4 633288   2000633288   中心书库中库/ 中库021架A面2列5层68/ [索取号:J648.33/1-1] 在馆    
5 633289   2000633289   中心书库中库/ 中库021架A面2列5层69/ [索取号:J648.33/1-1] 在馆    
6 633290   2000633290   中心书库中库/ 中库021架A面2列5层70/ [索取号:J648.33/1-1] 在馆    
7 633291   2000633291   中心书库中库/ 中库021架A面2列5层71/ [索取号:J648.33/1-1] 在馆    
8 633292   2000633292   中心书库中库/ 中库021架A面2列5层74/ [索取号:J648.33/1-1] 在馆    
9 633293   2000633293   中心书库中库/ 中库021架A面2列5层75/ [索取号:J648.33/1-1] 在馆    
10 633294   2000633294   中心书库中库/ 中库021架A面2列5层73/ [索取号:J648.33/1-1] 在馆    
山东省滨州职业学院图书馆 欢迎您!
大连网信软件有限公司© 版权所有